CROP PRODUCTION (Record no. 216208)

MARC details
000 -LEADER
fixed length control field 00438nam a22001577a 4500
008 - FIXED-LENGTH DATA ELEMENTS--GENERAL INFORMATION
fixed length control field 251119b |||||||| |||| 00| 0 eng d
020 ## - INTERNATIONAL STANDARD BOOK NUMBER
International Standard Book Number 9798887153032
050 ## - LIBRARY OF CONGRESS CALL NUMBER
Classification number SB 187.M37 2024
100 ## - MAIN ENTRY--PERSONAL NAME
Personal name MARTIN JOHN S.
245 ## - TITLE STATEMENT
Title CROP PRODUCTION
Remainder of title THEORY,TECHNIQUES AND TECHNOLOGY
260 ## - PUBLICATION, DISTRIBUTION, ETC.
Place of publication, distribution, etc. UNITED STATES OF AMERICA
Name of publisher, distributor, etc. ORYSON PRESS
Date of publication, distribution, etc. 2024
300 ## - PHYSICAL DESCRIPTION
Extent X,269
500 ## - GENERAL NOTE
General note INCLUDE AN INDEX
942 ## - ADDED ENTRY ELEMENTS (KOHA)
Source of classification or shelving scheme Library of Congress Classification
Koha item type Long Loan Book
Holdings
Withdrawn status Lost status Source of classification or shelving scheme Damaged status Not for loan Collection Home library Current library Shelving location Date acquired Inventory number Total checkouts Full call number Barcode Date last seen Copy number Price effective from Koha item type Date last checked out
    Library of Congress Classification     Science & Technology Kisii University Library Kisii University Library On Display 11/19/2025 109867   SB 187.M37 2024 000000001336 11/19/2025 1 11/19/2025 Long Loan Book  
    Library of Congress Classification     Science & Technology Kisii University Library Kisii University Library On Display 11/19/2025 109868   SB 187.M37 2024 000000001335 11/19/2025 2 11/19/2025 Long Loan Book  
    Library of Congress Classification     Science & Technology Kisii University Library Kisii University Library On Display 11/19/2025 109869   SB 187.M37 2024 000000001334 11/19/2025 3 11/19/2025 Long Loan Book  
    Library of Congress Classification     Science & Technology Kisii University Library Kisii University Library On Display 11/19/2025 109870 2 SB 187.M37 2024 000000001333 03/02/2026 4 11/19/2025 Long Loan Book 02/24/2026